La logique ou l'art de penser: contenant, outre les règles communes, plusieurs observations nouvelles, propres à former le jugement
Gespeichert in:
| Hauptverfasser: | , |
|---|---|
| Format: | Buch |
| Sprache: | Französisch |
| Veröffentlicht: |
París
Flammarion
1970
|
| Schriftenreihe: | Science de l'Homme
|
| Schlagworte: | |
| Tags: |
Tag hinzufügen
Keine Tags, Fügen Sie den ersten Tag hinzu!
|
MARC
| LEADER | 00000nam a2200000 a 4500 | ||
|---|---|---|---|
| 001 | UCZ4331 | ||
| 003 | CL-VaPUC | ||
| 008 | 951106e19700000FR |||||||||||||||||fre|d | ||
| 082 | 0 | 4 | |a 160 |b ARN |2 21 |
| 100 | 0 | |a Arnauld, Antoine |e author |9 346802 | |
| 700 | 0 | |a Nicole, Pierre |e author |9 348304 | |
| 245 | 1 | 3 | |a La logique ou l'art de penser: contenant, outre les règles communes, plusieurs observations nouvelles, propres à former le jugement |
| 300 | |a 440 p | ||
| 942 | |c BK | ||
| 945 | |d 19951106 00:00:00 |a lriquelm | ||
| 260 | |a París |b Flammarion |c 1970 | ||
| 650 | 0 | |a Lógica |9 256849 | |
| 650 | 0 | |a Racionalismo |9 259116 | |
| 650 | 0 | |a Metodología |9 256610 | |
| 650 | 0 | |a Razón |9 314475 | |
| 583 | |a last modification |c 19951106 00:00:00 |k Rodrigo Vera | ||
| 490 | 0 | |a Science de l'Homme | |
| 999 | |c 240744 |d 240742 | ||
| 952 | |0 0 |1 0 |4 0 |6 160_000000000000000_ARN_1970 |7 0 |8 P |9 252766 |a BIBEDU |b BIBEDU |c BIBEDU_PB |d 2019-11-18 |i 1595628 |o 160 ARN 1970 |p 1595628 |r 2024-01-25 |w 2019-11-18 |y BK |k FIL | ||